| 000 | 00421nam a22001577a 4500 | ||
|---|---|---|---|
| 999 |
_c2301 _d2301 |
||
| 008 | 200220b ||||| |||| 00| 0 eng d | ||
| 020 | _a8170354366 | ||
| 082 | 0 | 0 |
_a577.698 _bC4966 |
| 100 |
_91881 _aChaudhuri, A.B. |
||
| 245 | 1 | 0 |
_aBiodiversity of mangroves / _cby A.B. Chaudhuri |
| 250 | _a1st ed. | ||
| 260 |
_aDelhi, _bDaya Publication: _c2007. |
||
| 300 | _axx, 332 p. | ||
| 650 | 0 | _aAquatic Biodiversity | |
| 942 | _cBK | ||